Quizzes
Events
Quiz Creation
Community
Videos
Private Events
Remove Ads
Sign In
Join for FREE
Feedback
Dark Mode
Quiz Categories
Sports
Geography
Music
Movies
Television
Just For Fun
Miscellaneous
History
Literature
Language
Science
Gaming
Entertainment
Religion
Holiday
For Kids
Quiz Lab
Recent
Popular Today
Quiz Kudos Today
Editor Picks
Curator Picks
Quizzes by...
Day
Popularity
Type
Ratings
Length
Year
Community
Subscriptions
Recent Discussions
Orange Saloon
Badges
Playlists
Quests
Create
Leaderboards
Showdown
Live 5
Trivia Bingo
Activity
Puzzle Library
Sporcle Events
Private Events
Virtual Trivia
Globe League
Become a Host
Pub Owners
SporcleCon
Opinionation
Our Games
Videos
Blog
Mobile Apps
Partnerships
Remove Ads and Go Orange
Feedback
Science
Computer
Plants
Astronomy
Chemistry
Elements
Math
Animal
Physics
Anatomy
Biology
Geology
General Science
Science
Computer
Plants
Astronomy
Chemistry
Elements
Math
Animal
Physics
Anatomy
Biology
Geology
General Science
Random Quiz
Search Sporcle
×
Quiz Lab
Quiz Lab
Science
Electricity
Type answers based on single images at one time
Type answers based on single images at one time
Slideshow
Best Score? Go Orange.
Name the component Stats
Can you name the electric component?
By
Gamingassassin
10m
14 Questions
50 Plays
50 Plays
50 Plays
Comments
Comments
Give Quiz Kudos
Give Quiz Kudos
-
- Ratings
hide this ad
Replay
Link that replays current quiz
Next Quiz
Link to next quiz in quiz playlist
You Got
0%
They Got
Avg Score
30%
Avg Friend Score
Upgrade to see
Score Distribution
Jump to the score distribution portion of the page
Score
0/14
Timer
10:00
0
Plays Today
% Correct
LED
82%
transistor
80%
diode
52%
motor
48%
variable resistor
34%
capacitor
30%
555 timer
24%
% Correct
thermistor
22%
resistor
20%
LDR
12%
fuse
8%
servo
6%
push switch
4%
toggle switch
4%
Quiz Playlist
Details
Report
Send in Message
Add To Playlist
Slideshow:
Type answers based on single images at one time
Last Updated: Feb 16, 2017
Quiz Scoreboard
CHALLENGE
Sign Up to Join the Scoreboard
Show All
Scores
Hide
Comments
May contain spoilers
Recently Published
One Thing in Common: World Cities II
by knightlancer
Geography
7m
Popular People in 1961
by mucciniale
History
6m
1-10 Letter E Words III
by El_Dandy
Language
2m
More to Explore
Quiz From the Vault
Featured Blog Post
Where Did the Easter Bunny Come From?
hide this ad
You Might Also Like...
Tags
component
electric
Electricity
Today's Top Quizzes in Science
Browse Science
hide this ad
Today's Top Quizzes in Electricity
Browse Electricity
Top Contributed Quizzes in Science
1
Quick Pick: Radians
2
One Thing in Common: Science III
3
One Thing in Common: Science
4
Sporcle Puzzle Hunt: Science
5
One Thing in Common: Science II
6
Quick Pick: 'CI-CJ' Animals
7
Click the Parts of an Plant Cell
8
Elements In Images
9
Multiplication table 1-10
10
Square Numbers Scrambled (1-50)
Explore More
Trending Topics
Kpop
Anime
Harry Potter
Marvel
Crossword
NBA
Disney
WWE
Song
NFL
Soccer
The Office
Country
Puzzle
Pokémon
hide this ad
More By:
Gamingassassin
Quiz
Plays
Rating
Category
Featured
Created
name the component
50
5.00
Science
Nov 13, 2015
Very very very very very hard game
36
1.40
Just For Fun
Mar 29, 2014
Impossible quiz.
17
1.67
Just For Fun
Oct 9, 2014
this is hard
7
1.00
Just For Fun
Apr 17, 2015
Go to Creator's Profile
Score Distribution
Quiz Creator Spotlight
Gamingassassin
Follow
Send a Message
Quizzes Created
-
Created Quiz Play Count
-
More By This Creator
Popular Quizzes Today
1
Find the US States - No Outlines Minefield
2
The Countries of the World
3
Popular People in 1961
4
Find the Countries of Europe - No Outlines Minefield
5
1-10 Letter E Words III
6
Find the US States
7
One Thing in Common: World Cities II
8
US States
More Science Quizzes
Galaxies and Nebulae: Earthly Names
Editor's Pick
Trending Quizzes
1-10 Letter F Words
1-10 Letter G Words
Risky Map Clicking: Next State Alphabetically
1-10 Letter F Words II
Risky Map Clicking: States by Unique Starting Letters
Recently Updated
Leaping Animals
pecheneg
Reality TV Shows (A-Z)
bhenderson79
Rickey Henderson's Hall of Fame Teammates
pecheneg
Champions League XIs: Arsenal
pecheneg
Quick Pick: Celebrities in WWE's Hall of Fame
aduchscher
A-Z Keypad Blitz II
pecheneg
Multiple Oscar Actors
pecheneg
Mystery Phrase Blitz: Oscar 'Best Actors'
pecheneg
F. Scott Fitzgerald Novels
LTH
Pick 3 Villains
ddd62291
Trending Topics
Crossword
Harry Potter
Anime
NBA
Kpop
Marvel
Disney
Country
Song
Soccer
The Office
Pokémon
Puzzle
NFL
WWE
Your Account Isn't Verified!
In order to create a playlist on Sporcle, you need to verify the email address you used during registration. Go to your
Sporcle Settings
to finish the process.
Report this User
Report this user for behavior that violates our
Community Guidelines
.
Details:
Send Report
Go to the Sporcle.com Mobile Site →
Comments